| 000 | 00000nam##2200000za#4500 |
| 001 | 9.662409 |
| 003 | CaOODSP |
| 005 | 20200401064307 |
| 007 | ta |
| 008 | 150407|2000||||xxc||||| f|0| 0 eng|d |
| 020 | |a0-662-65414-5 |
| 040 | |aCaOODSP|beng |
| 041 | |aeng |
| 041 | |afre |
| 043 | |an-cn--- |
| 086 | 1 |aEn40-11/41-1999 |
| 110 | 1 |aCanada. |bEnvironment Canada. |bEnvironmental Protection Service. |
| 245 | 14|aThe 1999 review of acid rain science programs in Canada : |ba report prepared to meet the requirements of The Canada-Wide Acid Rain Strategy for Post-2000 |
| 260 | |aOttawa - Ontario : |bEnvironment Canada. |c2000. |
| 300 | |aEnglish text, vi, 47p. ; |c28 cm. |
| 500 | |aCanadian cataloguing in publication data printed on this publication. |
| 546 | |aBilingual |
| 563 | |aSpiral binding |
| 590 | |a01-16|b2001-04-20 |
| 690 | 07|aAcid rain|2gcpds |
| 690 | 07|aPollution control|2gcpds |
| 690 | 07|aEnvironmental impact assessment|2gcpds |
| 776 | 0#|tExamen 1999 des programmes canadiens de recherche sur les précipitations acides : |w(CaOODSP)9.638119 |
| 776 | 0#|tThe 1999 review of acid rain science programs in Canada : |w(CaOODSP)9.693935 |
| 792 | |tExamen 1999 des programmes canadiens de recherche sur les précipitations acides : |efre|w(CaOODSP)9.662410 |